00972cam a22002651 4500001001300000003000400013005001700017008004100034010001700075035001900092040004200111042001200153050002400165082001200189100002300201245008800224260007100312300003900383490008500422500004600507500008800553504003200641650001800673999001500691af 47003802 DLC20260227110822.0790621s1940 be af b 000 0 fre c aaf 47003802  a(OCoLC)5089306 aJohn Crerar LibrarycTxCMdOCoLCdDLC apremarc00aQH3b.B852 fasc. 18 a595.7641 aJanssens, André.00aMonographie des Gymnopleurides (Coleoptera Lamellicornia)cpar André Janssens ... aBruxelles,bMusée royal d'histoire naturelle de Belgique,c1940. a73, [1] p.billus., II pl.c33 cm.0 aMémoires du Musée royal d'histoire naturelle de Belgique. 2. ser.,vfasc. 18 aImprint and series title also in Flemish. aEach plate accompanied by leaf with descriptive letterpress not included in paging. aBibliographical foot-notes. 0aGymnopleurus. c2342d2342